Humanidad y seguridad en la atención de pacientes: guía de buenas prácticas para docentes y alumnos
-д хадгалсан:
| Үндсэн зохиолчид: | , , |
|---|---|
| Формат: | Ном |
| Хэл сонгох: | испани |
| Хэвлэсэн: |
Santiago
Mediterráneo
2010
|
| Хэвлэл: | 1a. ed |
| Нөхцлүүд: | |
| Шошгууд: |
Шошго нэмэх
Шошго байхгүй, Энэхүү баримтыг шошголох эхний хүн болох!
|
MARC
| LEADER | 00000cam a2200000 a 4500 | ||
|---|---|---|---|
| 001 | UCD4920 | ||
| 003 | CL-VaPUC | ||
| 008 | 160731e20100000cl |||||||||||||||||spa|d | ||
| 020 | |a 9789562203074 | ||
| 082 | 0 | 4 | |a 610.73069 |b MIL |2 21 |
| 100 | |a Milos Hurtado, Paulina |e autora |9 588631 | ||
| 700 | 0 | |a Larraín Sundt, Ana Isabel |e author |9 588632 | |
| 700 | 0 | |a Simonetti de Groote, Marta |e author |9 588633 | |
| 245 | 1 | 0 | |a Humanidad y seguridad en la atención de pacientes: guía de buenas prácticas para docentes y alumnos |
| 250 | |a 1a. ed | ||
| 300 | |a 144 p | ||
| 942 | |c BK | ||
| 945 | |d 20160731 21:25:00 |a dcastane | ||
| 260 | |a Santiago |b Mediterráneo |c 2010 | ||
| 650 | 7 | |a ENFERMERIA |2 CL-VaPUC |9 358289 | |
| 650 | 0 | |a Pacientes |9 423409 | |
| 583 | |a last modification |c 20160731 21:25:00 |k Rodrigo Vera | ||
| 999 | |c 365710 |d 365708 | ||